[Event "I Festival Parthenope A"]
[Site "Napoli ITA"]
[Date "2005.05.14"]
[Round "3"]
[White "Sannino, Raffaele"]
[Black "Colucci, Diego"]
[Result "1/2-1/2"]
[WhiteElo "2022"]
[BlackElo "1685"]
[PlyCount "116"]
[EventDate "2005.05.13"]

1. e4 e5 2. Nf3 Nc6 3. Nc3 Nf6 4. Bb5 d6 5. d4 Bd7 6. O-O Nxd4 7. Nxd4 exd4 8.
Qxd4 Bxb5 9. Nxb5 a6 10. Nc3 Be7 11. Ne2 O-O 12. Ng3 Ng4 13. h3 Bf6 14. Qb4 Ne5
15. Qxb7 Qd7 16. Qd5 c6 17. Qd1 Rab8 18. Rb1 Rb5 19. b3 d5 20. a4 Rbb8 21. Bf4
Rbd8 22. Qe2 Ng6 23. Bc1 Qb7 24. Bb2 Bxb2 25. Rxb2 Rfe8 26. Qf3 dxe4 27. Nxe4
Qb4 28. Ng3 Ne5 29. Qe4 Qc3 30. Rbb1 Nd3 31. Qc4 Qxc4 32. bxc4 Nc5 33. a5 Rd4
34. Rb4 g6 35. Rc1 Kg7 36. Nf1 Re2 37. Ng3 Re5 38. Nf1 Re2 39. Ne3 Ne4 40. Rf1
Nxf2 41. Rxf2 Rxe3 42. Rb6 Rxc4 43. Rxa6 Re1+ 44. Kh2 Re5 45. Ra7 Rf5 46. Rd2
Ra4 47. Rd6 Raxa5 48. Rxa5 Rxa5 49. Rxc6 h5 50. Kg3 Rg5+ 51. Kf2 Rf5+ 52. Ke2
Rg5 53. Kf1 Rf5+ 54. Kg1 Kf8 55. Rd6 Ke7 56. Rd2 Ke6 57. c3 Rc5 58. Rd3 Rd5
1/2-1/2

[Event "I Festival Parthenope A"]
[Site "Napoli ITA"]
[Date "2005.05.14"]
[Round "3"]
[White "Tortora, Antonio"]
[Black "Andreoli, Mark"]
[Result "0-1"]
[WhiteElo "1774"]
[BlackElo "2041"]
[PlyCount "64"]
[EventDate "2005.05.13"]

1. Nf3 d5 2. g3 c5 3. Bg2 Nc6 4. O-O e5 5. d3 f5 6. e4 fxe4 7. dxe4 d4 8. Nbd2
Nf6 9. Qe2 Bd6 10. a4 O-O 11. h3 Qe7 12. Nc4 b6 13. Nxd6 Qxd6 14. Nh4 Nb4 15.
Nf5 Qe6 16. Qd1 Ba6 17. Re1 d3 18. cxd3 Nxd3 19. Bf1 Rad8 20. Bxd3 Bxd3 21. g4
Bxe4 22. Qe2 Bxf5 23. gxf5 Qxf5 24. Qxe5 Qxh3 25. Qe6+ Qxe6 26. Rxe6 Rd1+ 27.
Kg2 Re8 28. Rxe8+ Nxe8 29. b3 Nd6 30. f3 Nf5 31. Kf2 Nd4 32. Rb1 a5 0-1

[Event "I Festival Parthenope A"]
[Site "Napoli ITA"]
[Date "2005.05.14"]
[Round "4"]
[White "Andreoli, Mark"]
[Black "Messina, Enrico"]
[Result "1-0"]
[WhiteElo "2041"]
[BlackElo "2133"]
[PlyCount "119"]
[EventDate "2005.05.13"]

1. e4 c5 2. d4 cxd4 3. c3 dxc3 4. Nxc3 e6 5. Nf3 a6 6. Bc4 b5 7. Bb3 Bb7 8. Qe2
d6 9. O-O Nd7 10. Rd1 b4 11. Na4 Ngf6 12. Bg5 Be7 13. Bxf6 Nxf6 14. Nc5 Bc6 15.
Nd4 Bd7 16. Nxd7 Nxd7 17. Bxe6 fxe6 18. Nxe6 Qb6 19. Nxg7+ Kf7 20. Nf5 h5 21.
Qc4+ Kf6 22. Nd4 Nc5 23. Rd3 Raf8 24. Rf3+ Kg6 25. Nf5 Bg5 26. h4 Bh6 27. Ne7+
Kh7 28. Rf7+ Bg7 29. Nf5 Rhg8 30. Rd1 d5 31. Qxd5 Qe6 32. Rxf8 Bxf8 33. Qa8
Qxe4 34. Qa7+ Kh8 35. Ng3 Qb7 36. Qxb7 Nxb7 37. Nxh5 Nc5 38. Nf4 Bh6 39. Nh3
Rg6 40. Rd5 Na4 41. b3 Nc3 42. Ra5 Bc1 43. f3 Ba3 44. Nf4 Rd6 45. Rg5 Bc1 46.
Ng6+ Kg7 47. Nf4+ Kf7 48. Rg4 Nxa2 49. h5 Nc3 50. Ng6 Nd5 51. Ne5+ Kf6 52. Nc4
Rd8 53. Rg6+ Kf5 54. Rxa6 Nf4 55. Nd6+ Ke6 56. Nb7+ Ke7 57. Nxd8 Kxd8 58. h6
Ne2+ 59. Kf2 Nf4 60. h7 1-0

[Event "I Festival Parthenope A"]
[Site "Napoli ITA"]
[Date "2005.05.14"]
[Round "4"]
[White "Basile, Aldo"]
[Black "Altieri, Danilo Mario"]
[Result "0-1"]
[WhiteElo "1437"]
[BlackElo "2023"]
[PlyCount "74"]
[EventDate "2005.05.13"]

1. e4 d5 2. e5 Bf5 3. d4 e6 4. Nf3 Nd7 5. Bd3 Bxd3 6. Qxd3 a6 7. Nbd2 c5 8. c3
Ne7 9. b3 Nc6 10. Ba3 Qa5 11. Bb2 h6 12. O-O cxd4 13. cxd4 Ba3 14. Bxa3 Qxa3
15. Ne1 Rc8 16. Nc2 Qe7 17. f4 Nb4 18. Nxb4 Qxb4 19. a3 Qb6 20. f5 Nxe5 21. Qe3
Ng4 22. Qf4 Nf6 23. fxe6 fxe6 24. Nf3 O-O 25. Qe3 Ng4 26. Qe2 Qd6 27. h3 Nf6
28. Rae1 Ne4 29. Nh4 Rxf1+ 30. Rxf1 Ng3 31. Qf3 Nxf1 32. Qxf1 Qc7 33. Qe2 Qc1+
34. Kh2 Qf4+ 35. g3 Qe4 36. Qh5 Rc2+ 37. Kg1 Qe1# 0-1

[Event "I Festival Parthenope A"]
[Site "Napoli ITA"]
[Date "2005.05.14"]
[Round "4"]
[White "Bianco, Raffaele"]
[Black "Cerrato, Roberto"]
[Result "1-0"]
[WhiteElo "2092"]
[BlackElo "1813"]
[PlyCount "65"]
[EventDate "2005.05.13"]

1. Nf3 e6 2. c4 Nf6 3. g3 Be7 4. Bg2 O-O 5. O-O c5 6. Nc3 d5 7. d3 Nc6 8. e4
dxe4 9. dxe4 Qc7 10. Qe2 a6 11. Rd1 Rd8 12. e5 Rxd1+ 13. Nxd1 Nd7 14. Bf4 b6
15. Nc3 Bb7 16. Nd5 Qd8 17. Rd1 exd5 18. cxd5 Nd4 19. Nxd4 cxd4 20. d6 Bxg2 21.
dxe7 Qxe7 22. Kxg2 g5 23. Rxd4 gxf4 24. Qg4+ Kh8 25. Qxd7 f3+ 26. Kxf3 Qxe5 27.
Qd5 Qf6+ 28. Rf4 Qd8 29. Qe5+ f6 30. Rxf6 Kg8 31. Rf5 Ra7 32. Rg5+ Kf7 33. Rg7+
1-0

[Event "I Festival Parthenope A"]
[Site "Napoli ITA"]
[Date "2005.05.14"]
[Round "4"]
[White "Bianco, Raffaele"]
[Black "Piscopo, Pierluigi"]
[Result "0-1"]
[WhiteElo "2092"]
[BlackElo "2353"]
[PlyCount "105"]
[EventDate "2005.05.13"]

1. e4 c5 2. Nf3 Nc6 3. d4 cxd4 4. Nxd4 Nf6 5. Nc3 e5 6. Ndb5 d6 7. Bg5 a6 8.
Na3 b5 9. Bxf6 gxf6 10. Nd5 Bg7 11. Bd3 Ne7 12. c3 Nxd5 13. exd5 f5 14. Qh5 e4
15. Bc2 Qf6 16. O-O Qg6 17. Qe2 O-O 18. Rad1 Re8 19. f4 Bd7 20. Bb3 Rab8 21.
Nc2 a5 22. Nd4 a4 23. Bc2 b4 24. c4 b3 25. axb3 axb3 26. Bb1 Rbc8 27. Nxb3 Qg4
28. Qe3 Rxc4 29. h3 Qh4 30. Rd2 Qd8 31. Nc1 Rb4 32. b3 Qb6 33. Qxb6 Rxb6 34.
Rc2 Bd4+ 35. Kh2 Bc5 36. Ra2 Bb5 37. Re1 Ra6 38. Rxa6 Bxa6 39. Nd3 Bd4 40. g4
Kf8 41. Nc1 Bf2 42. Re2 Bxe2 43. Nxe2 Rb8 44. Kg2 Rxb3 45. Bc2 Rb2 46. Kxf2
Rxc2 47. gxf5 Ra2 48. f6 Ra3 49. Ng3 Rf3+ 50. Kg2 Rxf4 51. Ne2 Rxf6 52. Nc3
Rg6+ 53. Kf2 0-1

[Event "I Festival Parthenope A"]
[Site "Napoli ITA"]
[Date "2005.05.14"]
[Round "4"]
[White "Colucci, Diego"]
[Black "D'Amore, Emanuele"]
[Result "0-1"]
[WhiteElo "1685"]
[BlackElo "2177"]
[PlyCount "28"]
[EventDate "2005.05.13"]

1. e4 e6 2. Qe2 Be7 3. f4 d5 4. d3 b6 5. Nf3 dxe4 6. dxe4 Ba6 7. c4 Nf6 8. e5
Ng4 9. h3 Bh4+ 10. Nxh4 Qxh4+ 11. g3 Qxg3+ 12. Kd2 Qxf4+ 13. Kc2 Qf5+ 14. Kb3
Nxe5 0-1

[Event "I Festival Parthenope A"]
[Site "Napoli ITA"]
[Date "2005.05.14"]
[Round "4"]
[White "Di Gennaro, Antonio"]
[Black "Schiappoli, Dario"]
[Result "0-1"]
[WhiteElo "1565"]
[BlackElo "1954"]
[PlyCount "52"]
[EventDate "2005.05.13"]

1. e4 c5 2. Nf3 d6 3. d4 cxd4 4. Nxd4 Nf6 5. Nc3 a6 6. Be3 b5 7. f3 Bb7 8. Qd2
e6 9. g4 Qa5 10. Nb3 Qc7 11. Bd3 Be7 12. O-O-O O-O 13. h4 Rc8 14. Ne2 Nc6 15.
Rdf1 Ne5 16. Kb1 d5 17. exd5 Nxd5 18. Na5 Bb4 19. c3 Bxa5 20. Bxh7+ Kxh7 21.
Qc2+ Kg8 22. Bh6 Qc4 23. Rd1 Bxc3 24. bxc3 gxh6 25. Ng3 Nxc3+ 26. Ka1 Qxa2+ 0-1

[Event "I Festival Parthenope A"]
[Site "Napoli ITA"]
[Date "2005.05.14"]
[Round "4"]
[White "Dragojlovic, Andjelko"]
[Black "Collutiis, Duilio"]
[Result "1-0"]
[WhiteElo "2285"]
[BlackElo "2382"]
[PlyCount "59"]
[EventDate "2005.05.13"]

1. e4 c5 2. Nf3 Nc6 3. d4 cxd4 4. Nxd4 Qc7 5. Nc3 e6 6. g3 a6 7. Bg2 d6 8. O-O
Bd7 9. a4 Nf6 10. Nb3 Be7 11. a5 Rc8 12. Be3 Ne5 13. Bb6 Qb8 14. Nd2 Bc6 15. f4
Ned7 16. Bf2 O-O 17. g4 Bd8 18. g5 Ne8 19. Qh5 g6 20. Qh6 f5 21. exf5 Rxf5 22.
Bh3 Ng7 23. Rae1 Bxa5 24. Rxe6 Nxe6 25. Bxf5 Ng7 26. Bxd7 Bxd7 27. Nde4 Bc6 28.
Bd4 Nh5 29. f5 Bxc3 30. Nxc3 1-0

[Event "I Festival Parthenope A"]
[Site "Napoli ITA"]
[Date "2005.05.14"]
[Round "4"]
[White "Ficco, Corrado"]
[Black "Rosato, Luciano"]
[Result "1/2-1/2"]
[WhiteElo "2148"]
[BlackElo "2225"]
[PlyCount "49"]
[EventDate "2005.05.13"]

1. e4 g6 2. d4 Bg7 3. Nc3 c6 4. Nf3 d6 5. Be3 Nd7 6. Qd2 Qc7 7. O-O-O b5 8. Kb1
b4 9. Ne2 a5 10. Nc1 Ba6 11. Bxa6 Rxa6 12. Rhe1 e6 13. d5 cxd5 14. exd5 e5 15.
Qd3 Ra8 16. Nd2 Ngf6 17. Qc4 Rc8 18. Qxc7 Rxc7 19. Ndb3 a4 20. Na5 O-O 21. b3
axb3 22. cxb3 Ng4 23. Nc4 Nxe3 24. Rxe3 Nf6 25. f3 1/2-1/2

[Event "I Festival Parthenope A"]
[Site "Napoli ITA"]
[Date "2005.05.14"]
[Round "4"]
[White "Gallo, Thomas Renato"]
[Black "Meli, Massimo"]
[Result "1-0"]
[WhiteElo "1802"]
[BlackElo "1907"]
[PlyCount "63"]
[EventDate "2005.05.13"]

1. d4 d5 2. Nf3 Nf6 3. c4 c6 4. e3 Bf5 5. Nc3 e6 6. Be2 Bd6 7. O-O O-O 8. cxd5
exd5 9. Ne5 Bxe5 10. dxe5 Ne4 11. Qd4 Ng5 12. Qf4 Bg6 13. b3 Nd7 14. Qg3 h5 15.
h4 Ne4 16. Nxe4 dxe4 17. Rd1 Qc7 18. Bb2 Rfe8 19. Rd6 Nf8 20. Rad1 Qa5 21. a3
Qc5 22. Rc1 Qa5 23. b4 Qa4 24. Bc4 b5 25. Ba2 Kh7 26. Rxg6 fxg6 27. Bf7 Red8
28. Bd4 Qxa3 29. Rxc6 Rxd4 30. Rxg6 Rd1+ 31. Kh2 Kh8 32. Rh6+ 1-0

[Event "I Festival Parthenope A"]
[Site "Napoli ITA"]
[Date "2005.05.14"]
[Round "4"]
[White "Iandolo, Marco"]
[Black "Saccone, Fabio"]
[Result "1/2-1/2"]
[WhiteElo "1802"]
[BlackElo "2325"]
[PlyCount "55"]
[EventDate "2005.05.13"]

1. Nf3 d5 2. c4 e6 3. b3 Nf6 4. g3 c5 5. Bg2 Nc6 6. Bb2 d4 7. e3 e5 8. exd4
exd4 9. O-O Be7 10. Re1 O-O 11. d3 Bg4 12. Na3 Qd7 13. Qd2 a5 14. Nc2 Ra6 15.
a3 Rb6 16. b4 axb4 17. axb4 Bxf3 18. Bxf3 cxb4 19. Rxe7 Qxe7 20. Nxd4 Nxd4 21.
Bxd4 Ra6 22. Rb1 Rd8 23. Bxf6 Qxf6 24. Bxb7 Ra1 25. Qxb4 Rxd3 26. Rxa1 Qxa1+
27. Kg2 Rd1 28. Qe7 1/2-1/2

[Event "I Festival Parthenope A"]
[Site "Napoli ITA"]
[Date "2005.05.14"]
[Round "4"]
[White "Piscopo, Pierluigi"]
[Black "Cordi', Domenico"]
[Result "1-0"]
[WhiteElo "2353"]
[BlackElo "2084"]
[PlyCount "31"]
[EventDate "2005.05.13"]

1. e4 Nf6 2. e5 Nd5 3. d4 d6 4. c4 Nb6 5. f4 dxe5 6. fxe5 Nc6 7. Be3 Bf5 8. Nc3
e6 9. Nf3 Be7 10. Be2 Nb4 11. Rc1 c5 12. O-O cxd4 13. Nxd4 Bg6 14. c5 N6d5 15.
Bb5+ Kf8 16. Nxe6+ 1-0

[Event "I Festival Parthenope A"]
[Site "Napoli ITA"]
[Date "2005.05.14"]
[Round "4"]
[White "Solodovnichenko, Yuri"]
[Black "Mautone, Valerio"]
[Result "1/2-1/2"]
[WhiteElo "2519"]
[BlackElo "2018"]
[PlyCount "41"]
[EventDate "2005.05.13"]

1. e4 c5 2. Nf3 d6 3. d4 cxd4 4. Nxd4 Nf6 5. Nc3 a6 6. Bg5 e6 7. Qe2 Nbd7 8. f4
Qc7 9. O-O-O Be7 10. g4 b5 11. Bxf6 Nxf6 12. Bg2 Bb7 13. e5 dxe5 14. Ndxb5 Qb6
15. fxe5 axb5 16. exf6 Bxf6 17. Nd5 Bxd5 18. Bxd5 Rd8 19. Bb3 O-O 20. Kb1 b4
21. Qe4 1/2-1/2

[Event "I Festival Parthenope A"]
[Site "Napoli ITA"]
[Date "2005.05.14"]
[Round "4"]
[White "Stromboli, Carlo"]
[Black "Fezza, Davide"]
[Result "1/2-1/2"]
[WhiteElo "2172"]
[BlackElo "2068"]
[PlyCount "89"]
[EventDate "2005.05.13"]

1. e4 c5 2. Nf3 e6 3. Nc3 Nc6 4. g3 Qc7 5. Bg2 Nf6 6. O-O a6 7. a4 Be7 8. d4
cxd4 9. Nxd4 O-O 10. Nb3 Rd8 11. Bf4 d6 12. a5 Ne5 13. Nd2 b6 14. axb6 Qxb6 15.
Na4 Qb8 16. Be3 Nfd7 17. f4 Nc6 18. Nc4 Nc5 19. Qe1 Qc7 20. Ncb6 Rb8 21. Nxc8
Qxc8 22. Nxc5 dxc5 23. Qc3 Nd4 24. Kh1 Qb7 25. b3 Rbc8 26. Rfd1 Rc7 27. Ra4
Rcd7 28. Bxd4 Qb6 29. Rd2 cxd4 30. Qd3 Bb4 31. Rxa6 Qxa6 32. Qxa6 Bxd2 33. e5
d3 34. Be4 dxc2 35. Bxc2 Bb4 36. f5 exf5 37. e6 fxe6 38. Qxe6+ Kf8 39. Qxf5+
Rf7 40. Qxh7 Rd2 41. Bf5 Rc7 42. Qh8+ Kf7 43. Qh5+ Kf8 44. Qh8+ Kf7 45. Qh5+
1/2-1/2

[Event "I Festival Parthenope A"]
[Site "Napoli ITA"]
[Date "2005.05.14"]
[Round "4"]
[White "Stromboli, Ettore"]
[Black "Orefice, Nino"]
[Result "0-1"]
[WhiteElo "2198"]
[BlackElo "1822"]
[PlyCount "100"]
[EventDate "2005.05.13"]

1. e4 d5 2. exd5 Qxd5 3. Nc3 Qa5 4. d4 Nf6 5. Nf3 c6 6. Bd3 Bg4 7. h3 Bh5 8.
O-O e6 9. Bf4 Bb4 10. Nb1 Nbd7 11. c3 Be7 12. Nbd2 O-O 13. Qc2 Bg6 14. Bxg6
hxg6 15. Ne5 Nxe5 16. Bxe5 c5 17. Bxf6 gxf6 18. Qe4 Qc7 19. Nb3 c4 20. Nd2 Kg7
21. Rfe1 Rad8 22. f4 Rd5 23. Nf1 Bd6 24. g3 Rh8 25. Kg2 Rdh5 26. h4 g5 27. fxg5
fxg5 28. hxg5 Rxg5 29. Qf3 Rh6 30. Re3 Rhg6 31. Rae1 Bf4 32. Kf2 Bxe3+ 33. Qxe3
Rf5+ 34. Kg2 Qc6+ 35. Qe4 Rgf6 36. Qxc6 Rf2+ 37. Kg1 bxc6 38. Ne3 Rxb2 39. Nxc4
Rxa2 40. Ne5 Rff2 41. Nc4 Rfe2 42. Rxe2 Rxe2 43. Nd6 Re3 44. c4 Rxg3+ 45. Kf2
Rd3 46. d5 cxd5 47. c5 Rc3 48. Nb7 a5 49. Nxa5 Rxc5 50. Nb3 Rc4 0-1

[Event "I Festival Parthenope A"]
[Site "Napoli ITA"]
[Date "2005.05.15"]
[Round "5"]
[White "Altieri, Danilo Mario"]
[Black "Cordi', Domenico"]
[Result "1/2-1/2"]
[WhiteElo "2023"]
[BlackElo "2084"]
[PlyCount "82"]
[EventDate "2005.05.13"]

1. d4 Nf6 2. Nf3 e6 3. Bg5 h6 4. Bh4 c5 5. c3 d5 6. Nbd2 Nc6 7. e3 Be7 8. Bd3
O-O 9. Qc2 Nd7 10. Bg3 Re8 11. O-O Bf6 12. Rfe1 e5 13. dxe5 Ndxe5 14. Nxe5 Nxe5
15. Bxe5 Bxe5 16. Nf3 Bc7 17. Bf5 Qf6 18. Bxc8 Raxc8 19. Qb3 Qc6 20. Rad1 Rcd8
21. Rd2 Rd7 22. Red1 Red8 23. Qc2 Qe6 24. Qb3 b6 25. Kf1 a6 26. Qc2 Rd6 27. b3
g6 28. h3 Kg7 29. Qd3 a5 30. a4 f5 31. Qe2 Kf6 32. c4 dxc4 33. Qxc4 Qxc4+ 34.
bxc4 Ke6 35. Ke2 R8d7 36. Rxd6+ Rxd6 37. Rxd6+ Bxd6 38. Kd3 Be7 39. Nd2 Bh4 40.
g3 Bd8 41. h4 h5 1/2-1/2

[Event "I Festival Parthenope A"]
[Site "Napoli ITA"]
[Date "2005.05.15"]
[Round "5"]
[White "Cerrato, Roberto"]
[Black "Stromboli, Ettore"]
[Result "0-1"]
[WhiteElo "1813"]
[BlackElo "2198"]
[PlyCount "50"]
[EventDate "2005.05.13"]

1. d4 Nf6 2. c4 e6 3. Nf3 b6 4. e3 Bb7 5. Bd3 c5 6. O-O Be7 7. Nc3 cxd4 8. exd4
d5 9. cxd5 Nxd5 10. Re1 Nd7 11. Nxd5 Bxd5 12. Ne5 O-O 13. Qh5 f5 14. Bf4 Nxe5
15. Bxe5 Bf6 16. Qe2 Bxe5 17. dxe5 Rc8 18. a3 Rc7 19. Rac1 Rxc1 20. Rxc1 Qg5
21. f4 Qxf4 22. Rc7 Qd4+ 23. Kf1 f4 24. Qd2 Bc4 25. Ke2 Bxd3+ 0-1

[Event "I Festival Parthenope A"]
[Site "Napoli ITA"]
[Date "2005.05.15"]
[Round "5"]
[White "Collutiis, Duilio"]
[Black "Stromboli, Carlo"]
[Result "1-0"]
[WhiteElo "2382"]
[BlackElo "2172"]
[PlyCount "47"]
[EventDate "2005.05.13"]

1. e4 e5 2. Nf3 Nc6 3. Bb5 a6 4. Ba4 Nf6 5. Qe2 b5 6. Bb3 Bc5 7. c3 d6 8. d3
O-O 9. O-O Qe7 10. Bg5 Be6 11. Bd5 Bxd5 12. exd5 Nb8 13. d4 Bb6 14. Nbd2 Nbd7
15. dxe5 dxe5 16. Ne4 Rae8 17. Nh4 h6 18. Nf5 Qd8 19. Bh4 Kh7 20. Qd3 g6 21.
Rad1 Rg8 22. Ne3 Bc5 23. Bxf6 Nxf6 24. Nxc5 1-0

[Event "I Festival Parthenope A"]
[Site "Napoli ITA"]
[Date "2005.05.15"]
[Round "5"]
[White "Della Ragione, Achille"]
[Black "Sannino, Raffaele"]
[Result "1-0"]
[WhiteElo "2069"]
[BlackElo "2022"]
[PlyCount "93"]
[EventDate "2005.05.13"]

1. c4 e5 2. Nc3 Nf6 3. g3 Nc6 4. Bg2 Be7 5. d3 O-O 6. Rb1 Re8 7. a3 a5 8. Ne4
h6 9. Bd2 Bf8 10. e3 Nxe4 11. Bxe4 Ne7 12. Bg2 d5 13. Ne2 dxc4 14. dxc4 Bf5 15.
e4 Be6 16. Qc2 Nc6 17. O-O Qc8 18. Bc3 Bh3 19. Rbd1 Bxg2 20. Kxg2 Nd8 21. Rd3
Ne6 22. Rfd1 c5 23. f3 Nd4 24. Bxd4 cxd4 25. Rb3 Bc5 26. Nc1 b6 27. Nd3 Qc7 28.
Rb5 a4 29. Qe2 Qc6 30. Rc1 f5 31. Re1 g6 32. Qc2 g5 33. Nxc5 bxc5 34. exf5 g4
35. Qe4 gxf3+ 36. Kxf3 Rac8 37. Qxc6 Rxc6 38. Ra5 Kf7 39. Ke4 Kf6 40. Rxa4 Rg8
41. Rf1 Rg4+ 42. Kd5 Rb6 43. Kxc5 d3 44. Kxb6 Rd4 45. Kc5 d2 46. Ra6+ Kf7 47.
Rd1 1-0

[Event "I Festival Parthenope A"]
[Site "Napoli ITA"]
[Date "2005.05.15"]
[Round "5"]
[White "Fezza, Davide"]
[Black "D'Amore, Emanuele"]
[Result "1/2-1/2"]
[WhiteElo "2068"]
[BlackElo "2177"]
[PlyCount "98"]
[EventDate "2005.05.13"]

1. e4 e6 2. d4 d5 3. Nd2 c5 4. exd5 exd5 5. Ngf3 Nc6 6. dxc5 Bxc5 7. Nb3 Bb6 8.
Be2 Nge7 9. O-O O-O 10. Bf4 Ng6 11. Bg3 f5 12. h3 Qf6 13. c3 f4 14. Bh2 Be6 15.
Nbd4 Bf7 16. Qd2 Rad8 17. Bb5 Bc7 18. Rfe1 Nge7 19. Re2 Rfe8 20. Rae1 Ng6 21.
Rxe8+ Rxe8 22. Rxe8+ Bxe8 23. Nb3 Bf7 24. Nc5 Nce5 25. Nxe5 Nxe5 26. Qxf4 Qb6
27. Qf5 Qxb5 28. Qc8+ Qe8 29. Qxc7 Nc4 30. Qb8 b6 31. Qxe8+ Bxe8 32. Nd3 Bg6
33. Nf4 Nxb2 34. Nxd5 Bf7 35. Ne7+ Kf8 36. Nc8 Bxa2 37. Nxa7 Bc4 38. Be5 Nd3
39. Bd4 Nc1 40. Be5 g6 41. Nc8 b5 42. Nd6 Bd3 43. Bf6 Ne2+ 44. Kh2 Nf4 45. g3
Nd5 46. Bd4 b4 47. c4 Nc7 48. c5 b3 49. Nb7 Ne6 1/2-1/2

[Event "I Festival Parthenope A"]
[Site "Napoli ITA"]
[Date "2005.05.15"]
[Round "5"]
[White "Mautone, Valerio"]
[Black "Laketic, Gojko"]
[Result "0-1"]
[WhiteElo "2018"]
[BlackElo "2435"]
[PlyCount "76"]
[EventDate "2005.05.13"]

1. e4 d6 2. d4 Nf6 3. Nc3 e5 4. dxe5 dxe5 5. Qxd8+ Kxd8 6. Bg5 h6 7. Bd2 Bd6 8.
Be2 c6 9. Nf3 Nbd7 10. Rd1 Ke7 11. O-O Nc5 12. Rfe1 Nfxe4 13. Nxe4 Nxe4 14. Bd3
Nxd2 15. Nxe5 Kf6 16. f4 g5 17. fxg5+ hxg5 18. Rxd2 Be6 19. g3 Bb4 20. c3 Bc5+
21. Kg2 Rad8 22. Nf3 Bh3+ 23. Kh1 Rhe8 24. Rxe8 Rxe8 25. Re2 Rd8 26. Bc2 Bb6
27. Be4 g4 28. Nd4 Bxd4 29. cxd4 Rxd4 30. Bc2 c5 31. Kg1 b5 32. Kf2 Rd5 33. Ke3
Re5+ 34. Be4 Kg5 35. Kf2 a6 36. Bd3 Rd5 37. Bc2 f5 38. Kg1 f4 0-1

[Event "I Festival Parthenope A"]
[Site "Napoli ITA"]
[Date "2005.05.15"]
[Round "5"]
[White "Orefice, Nino"]
[Black "Gallo, Thomas Renato"]
[Result "1/2-1/2"]
[WhiteElo "1822"]
[BlackElo "1802"]
[PlyCount "81"]
[EventDate "2005.05.13"]

1. Nf3 Nf6 2. g3 b6 3. Bg2 Bb7 4. O-O g6 5. d3 Bg7 6. e4 d6 7. c3 c5 8. Ne1 e5
9. f4 O-O 10. Nf3 Nbd7 11. Nbd2 Ne8 12. a4 f6 13. Nc4 d5 14. exd5 Bxd5 15. Nh4
Bxg2 16. Nxg2 Qc7 17. Qf3 Rd8 18. f5 g5 19. h4 h6 20. hxg5 hxg5 21. Nge3 Nb8
22. Ng4 Qc6 23. Qe4 Qd5 24. Nf2 Rf7 25. Be3 Rfd7 26. Qxd5+ Rxd5 27. g4 Nc6 28.
Kg2 Nc7 29. Kf3 R5d7 30. Rae1 Nd5 31. Bc1 a6 32. Be3 b5 33. axb5 axb5 34. Nd2
b4 35. Bxc5 bxc3 36. bxc3 Nf4 37. d4 exd4 38. cxd4 Nxd4+ 39. Bxd4 Rxd4 40. Nde4
Kf7 41. Rd1 1/2-1/2

[Event "I Festival Parthenope A"]
[Site "Napoli ITA"]
[Date "2005.05.15"]
[Round "5"]
[White "Rosato, Luciano"]
[Black "Andreoli, Mark"]
[Result "1/2-1/2"]
[WhiteElo "2225"]
[BlackElo "2041"]
[PlyCount "77"]
[EventDate "2005.05.13"]

1. d4 c5 2. d5 f5 3. c4 Nf6 4. Nc3 g6 5. f3 d6 6. e4 fxe4 7. fxe4 Bg7 8. Nf3
Nbd7 9. Be2 O-O 10. O-O Ng4 11. h3 Nge5 12. Be3 Nxf3+ 13. Bxf3 Ne5 14. Be2
Rxf1+ 15. Bxf1 Bd7 16. Qd2 Qa5 17. a3 Bxh3 18. Be2 Bg4 19. Rf1 Rf8 20. Rxf8+
Bxf8 21. Bg5 Qd8 22. Bxg4 Nxg4 23. Ne2 Bg7 24. Qf4 h5 25. b3 Be5 26. Qf3 Qa5
27. g3 Qe1+ 28. Kg2 Nf6 29. a4 Qb1 30. Bxf6 exf6 31. Kh3 g5 32. Kg2 Qc2 33.
Qxh5 Qxe4+ 34. Qf3 Qc2 35. Qg4 Qxb3 36. Qe6+ Kg7 37. Qe7+ Kg6 38. Qe8+ Kg7 39.
Qe7+ 1/2-1/2

[Event "I Festival Parthenope A"]
[Site "Napoli ITA"]
[Date "2005.05.15"]
[Round "5"]
[White "Saccone, Fabio"]
[Black "Lombardi, Ottavio"]
[Result "0-1"]
[WhiteElo "2325"]
[BlackElo "1553"]
[PlyCount "80"]
[EventDate "2005.05.13"]

1. d4 d5 2. c4 c6 3. Nf3 Nf6 4. Nc3 e6 5. e3 Nbd7 6. Qc2 Bd6 7. Be2 O-O 8. O-O
Re8 9. b3 dxc4 10. bxc4 e5 11. Re1 exd4 12. exd4 c5 13. d5 Ne5 14. Bg5 h6 15.
Bh4 Nxf3+ 16. Bxf3 g5 17. Bg3 Bxg3 18. hxg3 Bg4 19. Bxg4 Nxg4 20. Qf5 Qf6 21.
Qxf6 Nxf6 22. f3 Rxe1+ 23. Rxe1 Re8 24. Rxe8+ Nxe8 25. Ne4 f5 26. d6 Ng7 27. d7
Ne6 28. Nxc5 Nd8 29. Nxb7 Nxb7 30. c5 Nd8 31. Kf2 Kf7 32. Ke3 Ke7 33. Kd4 Ke6
34. g4 Nc6+ 35. Kc4 fxg4 36. fxg4 a6 37. a3 Ne5+ 38. Kb4 Kxd7 39. Ka5 Kc6 40.
Kxa6 Kxc5 0-1

[Event "I Festival Parthenope A"]
[Site "Napoli ITA"]
[Date "2005.05.15"]
[Round "5"]
[White "Solodovnichenko, Yuri"]
[Black "Ficco, Corrado"]
[Result "1-0"]
[WhiteElo "2519"]
[BlackElo "2148"]
[PlyCount "89"]
[EventDate "2005.05.13"]

1. e4 e6 2. d4 d5 3. Nc3 dxe4 4. Nxe4 Nd7 5. Nf3 Ngf6 6. Bg5 Be7 7. Bxf6 Nxf6
8. Bd3 Nxe4 9. Bxe4 c5 10. c3 cxd4 11. Qa4+ Bd7 12. Qxd4 Bf6 13. Qd6 Qb8 14.
O-O-O Qxd6 15. Rxd6 O-O-O 16. Rhd1 Ba4 17. Rxd8+ Rxd8 18. Rxd8+ Bxd8 19. Bxh7
Bc6 20. Ne5 f6 21. Nxc6 bxc6 22. h4 Bb6 23. f3 Kc7 24. g4 Bf2 25. h5 Kd6 26.
Kd2 c5 27. Kd3 Kc6 28. f4 Bg3 29. Ke4 Bh4 30. Bg8 Kd6 31. b4 cxb4 32. cxb4 Kd7
33. b5 Ke7 34. a4 Be1 35. Kd3 Bg3 36. Ke4 Be1 37. Ke3 Kd6 38. g5 fxg5 39. fxg5
Ke5 40. Ke2 Bb4 41. Bf7 Bf8 42. a5 Bb4 43. b6 Bc5 44. b7 Bd6 45. Bg6 1-0

[Event "I Festival Parthenope A"]
[Site "Napoli ITA"]
[Date "2005.05.15"]
[Round "6"]
[White "Collutiis, Duilio"]
[Black "Djuric, Stefan"]
[Result "1/2-1/2"]
[WhiteElo "2382"]
[BlackElo "2459"]
[PlyCount "66"]
[EventDate "2005.05.13"]

1. e4 e5 2. Nf3 Nc6 3. Bb5 Nf6 4. O-O Be7 5. Qe2 d6 6. c3 O-O 7. d3 Bd7 8. Ba4
a5 9. Nbd2 Nh5 10. Nc4 f5 11. Bxc6 Bxc6 12. Nfxe5 dxe5 13. Qxh5 Qxd3 14. Nxe5
Qxe4 15. Nxc6 Qxc6 16. Bf4 Bc5 17. Rae1 Rae8 18. Rxe8 Qxe8 19. Qf3 c6 20. Rd1
Qe6 21. b3 Re8 22. Kf1 a4 23. c4 h6 24. Bd2 Qd6 25. Bf4 Qf6 26. g3 Qb2 27. Rd2
Qb1+ 28. Qd1 Qe4 29. f3 Qe6 30. Re2 Qf7 31. Rxe8+ Qxe8 32. Qd3 Qe6 33. Bd2 axb3
1/2-1/2

[Event "I Festival Parthenope A"]
[Site "Napoli ITA"]
[Date "2005.05.15"]
[Round "6"]
[White "D'Amore, Emanuele"]
[Black "Andreoli, Mark"]
[Result "1/2-1/2"]
[WhiteElo "2177"]
[BlackElo "2041"]
[PlyCount "63"]
[EventDate "2005.05.13"]

1. e4 c5 2. Nf3 d6 3. d4 cxd4 4. Qxd4 Nc6 5. Bb5 Bd7 6. Bxc6 bxc6 7. c4 e5 8.
Qd3 Be7 9. Nc3 Nf6 10. c5 Qc7 11. cxd6 Qxd6 12. Qxd6 Bxd6 13. Bg5 Rb8 14. O-O-O
Bc7 15. Be3 a6 16. Bc5 Bg4 17. Bd6 Bxd6 18. Rxd6 Bxf3 19. gxf3 Rc8 20. Rhd1 Ke7
21. f4 exf4 22. e5 Nd5 23. Nxd5+ cxd5+ 24. Kb1 Rhd8 25. R1xd5 Rxd6 26. Rxd6 f6
27. Rxa6 fxe5 28. h4 e4 29. b4 Rb8 30. a3 e3 31. fxe3 f3 32. Rc6 1/2-1/2

[Event "I Festival Parthenope A"]
[Site "Napoli ITA"]
[Date "2005.05.15"]
[Round "6"]
[White "Della Ragione, Achille"]
[Black "Rosato, Luciano"]
[Result "1/2-1/2"]
[WhiteElo "2069"]
[BlackElo "2225"]
[PlyCount "64"]
[EventDate "2005.05.13"]

1. c4 Nf6 2. Nc3 g6 3. g3 Bg7 4. Bg2 O-O 5. d3 c6 6. e4 e5 7. Nge2 d6 8. O-O
Be6 9. h3 Qd7 10. Kh2 d5 11. b3 d4 12. Na4 Na6 13. f4 b5 14. Nb2 Rac8 15. fxe5
Nh5 16. Nf4 Nxf4 17. gxf4 Qe7 18. Qe1 Bd7 19. Qf2 c5 20. Bd2 Nc7 21. Bf3 a6 22.
Bg4 Ra8 23. Qg3 Rac8 24. Bxd7 Qxd7 25. Qg4 Qe6 26. b4 Qe7 27. a3 Rfe8 28. bxc5
Qxc5 29. Bb4 Qb6 30. Bd6 Qa5 31. Bb4 Qb6 32. Bd6 Qa5 1/2-1/2